000
00280nam a2200121Ia 4500
008
191201s2014 xx 000 0 und d
100
_a
AGUNIS, Herman
245
0
_a
Performance Management
260
_a
N. Delhi
_b
Pearson
_c
2014
300
_a
311
650
_a
MBA
942
_2
ddc
_c
BK
999
_c
6056
_d
6056